=LDR 00000nam 2200000 4500 =001 INLIS000000000006417 =005 20200222091645 =035 ##$$a 0010-061300000006417 =008 200222################g##########0#ind## =041 ##$$a Ind =082 ##$$a 131.3 =090 ##$$a 181.11 Ene e =245 1#$$a Energi chi : $b Hidup sukses sesuai filosofi timur /$c Alih bahasa, Nur Listiawati =260 ##$$a Jakarta :$b Abdi Tandur,$c 1996 =300 ##$$a viii, 138 hlm. : $b Ilus ; $c 20 x14 cm. =650 #4$$a Filsafat Tao =850 ##$$a NBPNMAT =710 #$$a Nur Listiawati =020 ##$$a 979-8780-19-1 =084 ##$$a 131.3 LIS e =100 #$$a Listiawati, Nur =990 ##$$a DW00017379 =990 ##$$a DW00017380 =990 ##$$a 0001/BPAP-NTB/20142014 =990 ##$$a DW00017378 =990 ##$$a 05160516 =990 ##$$a DW00023262 =990 ##$$a DW00017379 =990 ##$$a DW00017380 =990 ##$$a 0001/BPAP-NTB/20142014 =990 ##$$a DW00017378 =990 ##$$a DW00017378 =990 ##$$a DW00017379 =990 ##$$a DW00017380 =990 ##$$a 0001/BPAP-NTB/20142014 =990 ##$$a DW00023262 =990 ##$$a DW00017378 =990 ##$$a DW00017379 =990 ##$$a DW00017380 =990 ##$$a 0001/BPAP-NTB/20142014 =990 ##$$a DW00023262 =990 ##$$a 00086574XXX =990 ##$$a DW00017379 =990 ##$$a DW00017380 =990 ##$$a DW00017378 =990 ##$$a DW00023262 =990 ##$$a DW00017380 =990 ##$$a DW00017379 =990 ##$$a 00086574XXX =990 ##$$a DW00017378 =990 ##$$a DW00023262 =990 ##$$a DW00017379 =990 ##$$a DW00017380 =990 ##$$a 00086574XXX =990 ##$$a DW00017378 =990 ##$$a DW00023262